000 02220cam a22004814i 4500
003 PE-LiUPU
005 20250731184600.0
008 150616s r 000 0 d
035 _a(Sirsi) a5156
040 _aPE-LiUPU
_bspa
_cPE-LiUPU
_erda
049 _aPRUA
082 0 4 _a909
_bE95
_221
100 1 _aSuárez Fernández, Luis,
_eautor.
245 1 0 _aDe la crisis del siglo XIV a la Reforma.
_n6.
264 1 _aPamplona :
_bEUNSA,
_c1980.
300 _a609 páginas :
_bilustraciones retratos, mapas, dibjs. ;
_c25 cm.
336 _atext
_2rdacontent
337 _aunmediated
_2rdamedia
338 _avolume
_2rdacarrier
490 0 _aHistoria Universal
504 _aIncluye bibliografía.
505 0 _aLa crisis europea del siglo XIV: -La estructura política de la cristianidad europea -- La crisis de la conciencia cristiana -- La gran depresión -- La economía mercantil -- Las grandes guerras del siglo XIV -- Los cambios en Europa central en el siglo XIV -- Italia en el siglo XIV -- El cisma de occidente. La involución del siglo XV: -Reconversión económica -- Humanismo o renacimiento -- La revuelta contra el pontificado -- Los grandes conflictos occidentales de la primera mitad del siglo XV -- Consolidación de las monarquías occidentales -- Consolidación de la casa de Habsburgo -- El difícil equilibrio italiano. Las culturas orientales: -La herencia del imperio bizantino -- Las culturas de Asia en los siglos XIV y XV.
526 _aP136
526 _aP135
526 _aP134
526 _aP133
526 _aP144
526 _aP143
526 _aP87
526 _aP35
526 _aP20
526 _aP14
526 _aP10
526 _aP06
650 0 4 _aHistoria medieval.
910 _ajck
_bjvq
_cjck
942 _2ddc
_cBOOK
949 _a909 E95 6
_wDEWEY
_c1
_i20611
_lCCODEBUL1
_mBUL
_p00.00
_r0
_sY
_tBOOK
_u19820819
_xEDUCACION
_PP20
_0COMPRA
_o.STAFF. Colección General
994 _aC0
_bPEPRU
596 _a1
999 _a909 E95 6
_wDEWEY
_c54097
_i20611
_f2021-11-8
_g5
_lCCODEBUL1
_mBUL
_r0
_sY
_tBOOK
_u2015-6-16
_xBIBLIOTECA
_PP20
_0COMPRA
_o.STAFF. Colección General
_d54097
980 _81
_gALBERTO SANCHEZ Responsable de Automatización